A NUMERICAL LIBRARY IN JAVA FOR SCIENTISTS AND ENGINEERS (Record no. 576074)
[ view plain ]
| 000 -LEADER | |
|---|---|
| fixed length control field | 00374nam a22001337a 4500 |
| 020 ## - INTERNATIONAL STANDARD BOOK NUMBER | |
| International Standard Book Number | 1-58488-430-4 |
| 082 ## - DEWEY DECIMAL CLASSIFICATION NUMBER | |
| Classification number | 005.133 LAU |
| 100 ## - MAIN ENTRY--PERSONAL NAME | |
| Personal name | LAU, HANG T |
| 9 (RLIN) | 68513 |
| 245 ## - TITLE STATEMENT | |
| Title | A NUMERICAL LIBRARY IN JAVA FOR SCIENTISTS AND ENGINEERS |
| 260 ## - PUBLICATION, DISTRIBUTION, ETC. | |
| Place of publication, distribution, etc. | NEW YORK |
| Name of publisher, distributor, etc. | CHAPMAN & HALL |
| Date of publication, distribution, etc. | 2003 |
| 300 ## - PHYSICAL DESCRIPTION | |
| Extent | XXIII,1063P |
| 650 ## - SUBJECT ADDED ENTRY--TOPICAL TERM | |
| Topical term or geographic name entry element | JAVA (COMPUTER PROGRAMM LANGUAGE) |
| 9 (RLIN) | 68514 |
| 942 ## - ADDED ENTRY ELEMENTS (KOHA) | |
| Koha item type | Book |
| Withdrawn status | Lost status | Damaged status | Not for loan | Permanent Location | Current Location | Shelving location | Date acquired | Total Checkouts | Full call number | Barcode | Date last seen | Price effective from | Koha item type |
|---|---|---|---|---|---|---|---|---|---|---|---|---|---|
| College of Electrical & Mechanical Engineering (CEME) | College of Electrical & Mechanical Engineering (CEME) | General Stacks | 04/14/2017 | 005.133 LAU | CEME-39022 | 06/28/2021 | 06/28/2021 | Book |
